00000000nas 2200000zi 4500
0019.940790
003CaOODSP
00520250520075858
006m     o  d f      
007cr cn ||||||||
008240719d20182023oncar p o    f0### 0eng|d
040 |aCaOODSP|beng|erda|cCaOODSP
041 |aeng|afre
043 |an-cn---
0861 |aBC1-5-PDF
1102 |aCanadian Broadcasting Corporation.|eauthor, |eissuing body.
24510|aRéalisations ... pour la mise en oeuvre de l'article 41 : |bpartie VII de la Loi sur les langues officielles (Loi) = ... achievements for the implementation of section 41 : Part VII of the Official Languages Act (Act).
24631|aAchievements for the implementation of section 41 : |bPart VII of the Official Languages Act (Act)
264 1|a[Ottawa] : |b[CBC = Radio-Canada], |c[2018-2023]
310 |aAnnual
336 |atext|btxt|2rdacontent
337 |acomputer|bc|2rdamedia
338 |aonline resource|bcr|2rdacarrier
3621 |aBegan with: 2017/2018; ceased with: 2022/2023.
500 |a"Patrimoine canadien = Canadian Heritage."
546 |aText in English and French in parallel columns.
588 |aDescription based on: 2017/2018; title from PDF cover.
588 |aLatest issue consulted: 2022/2023.
61020|aCanadian Broadcasting Corporation|vPeriodicals.
61010|aCanada. |tOfficial Languages Act (1988)|vPeriodicals.
650 0|aBilingualism|zCanada|vPeriodicals.
650 0|aLanguage policy|zCanada|vPeriodicals.
655 7|aPeriodicals|2lcgft
7101 |aCanada. |bCanadian Heritage, |eissuing body.
78500|tRapport annuel sur la mise en oeuvre de la partie VII de la Loi sur les langues officielles = |w(CaOODSP)9.951198
788 |tRéalisations ... pour la mise en oeuvre de l'article 41 : |efre|w(CaOODSP)9.940789